Central Library OPAC University of Rajshahi

The young delinquent / (Record no. 5146)

MARC details
000 -LEADER
fixed length control field 00784cam a22002531a 4500
001 - CONTROL NUMBER
control field 5146
003 - CONTROL NUMBER IDENTIFIER
rucl marc code BD-RjUL
005 - DATE AND TIME OF LATEST TRANSACTION
control field 20211208234022.0
008 - FIXED-LENGTH DATA ELEMENTS--GENERAL INFORMATION
fixed length control field 131224r19651925nyuabh b 001 0 eng
035 ## - SYSTEM CONTROL NUMBER
System control number (BD-RjUL)5182
System control number (OCoLC)10615811
040 ## - CATALOGING SOURCE
Original cataloging agency DLC
Transcribing agency NNBBC
Modifying agency DLC
-- BD-RjUL
Language of cataloging eng
041 ## - LANGUAGE CODE
Language code of text/sound track or separate title eng
082 ## - DEWEY DECIMAL CLASSIFICATION NUMBER
Edition number 364.36
Author mark and year BUY
100 1# - MAIN ENTRY--PERSONAL NAME
Personal name Burt, Cyril,
Dates associated with a name 1883-1971.
9 (RLIN) 16208
245 14 - TITLE STATEMENT
Title The young delinquent /
Statement of responsibility, etc. by Cyril Burt.
260 ## - PUBLICATION, DISTRIBUTION, ETC. (IMPRINT)
Place of publication, distribution, etc. New York :
Name of publisher, distributor, etc. D. Appleton-Century,
Date of publication, distribution, etc. c1925[impression 1965]
300 ## - PHYSICAL DESCRIPTION
Pagination xv, 619 p, [8] leaves of plates :
Illustrations ill., facsims., map ;
Size 21 cm.
504 ## - BIBLIOGRAPHY, ETC. NOTE
Bibliography, etc Includes Selected references": p. 604-607 and index.
650 #0 - SUBJECT ADDED ENTRY--TOPICAL TERM
Topical term or geographic name as entry element Juvenile delinquency.
9 (RLIN) 16209
942 ## - ADDED ENTRY ELEMENTS (KOHA)
Source of classification or shelving scheme Dewey Decimal Classification
Koha item type Books
Holdings
Lost status Source of classification or shelving scheme Damaged status Not for loan Collection code Permanent Location Current Location Shelving location Date acquired Source of acquisition Cost, normal purchase price Total Checkouts Full call number Date last seen Copy number Koha item type
  Dewey Decimal Classification   Not For Loan Fiction Central Library, University of Rajshahi Central Library, University of Rajshahi   01/08/1968 Zeitlinger 37.60   364.36 BUY 1965 24/12/2013 C-1 Books